• 首页
  • 本馆介绍
  • 公告通知
  • 最新文献
  • 馆藏检索
  • 电子资源
  • 读者导购
  • 参考咨询
  • 我的图书馆
  • 登录
  • 详细信息显示
  • 放入我的书架
  • 预约/预借图书
  • 作者相关作品
  • 分类相关作品
  • 丛书相关作品
  • 出版社相关作品

书目信息

  • 表格格式
  • 工作单格式
  • 卡片格式
题名:
社会主义城市经济学
    
 
作者: 杨重光 , 刘维新 编著
分册:  
出版信息: 北京   中国财政经济出版社  1986
页数: 331页
开本: 19cm
丛书名:
单 册:
中图分类: F290 , F12
科图分类:
主题词: 社会主义经济-城市经济学 , 城市经济学-社会主义经济 , 经济--中国
电子资源:
ISBN:
000 00764nam0 2200277 45
001 1549896769
005 20150125135208.68
010    @dCNY1.30
091    @aCN@b4166.794
100    @a19900726d1986 emky0chiy0121 ea
101 0  @achi
102    @aCN@b110000
105    @ay z 000yy
200 10 @a社会主义城市经济学@Ashe hui zhu yi cheng shi jing ji xue@f杨重光, 刘维新编著
210    @a北京@c中国财政经济出版社@d1986
215    @a331页@d19cm
606    @a社会主义经济-城市经济学
606    @a城市经济学-社会主义经济
606 0  @a经济@x中国
690    @aF290@v3
690    @aF12@v4
701  0 @a杨重光@Ayang chong guang@4编著
701  0 @a刘维新@Aliu wei xin@4编著
801  0 @aCN@bTSSF@c20150125
801  2 @aCN@bNLC
905    @aZUCC@dF12@eJY32
    
    社会主义城市经济学/杨重光, 刘维新编著.-北京:中国财政经济出版社,1986
    331页;19cm
    
    
    ISBN :CNY1.30
    
●
相关链接 在E读中查询图书 在五车中查询图书 在当当中查询图书 在豆瓣中查询图书


正题名:社会主义城市经济学     索取号:F12/JY32         预约/预借

序号 登录号 条形码 馆藏地/架位号 状态 备注
1 7854316   278543168   学院路分馆/ [索取号:F12/JY32] 在馆    
唐山师范学院图书馆 欢迎您!
大连网信软件有限公司© 版权所有